000 00363nam a2200145Ia 4500
008 230917s9999||||xx |||||||||||||| ||und||
040 _e138944
_aMAIN
041 _aEnglish
082 _a801.95 A46B:A
100 _aButcher, S
245 0 _aAristotle's: Theory of poetry and fine art
260 _a[n.p.]
_bLyall Books
_c1967
300 _a407 p.
942 _cBK
999 _c190341
_d190341